|
|
|
|
| LEADER |
00602nta a2200157 i 4500 |
| 001 |
dipl83038 |
| 005 |
20200623120848.0 |
| 008 |
200401s1993 hu om 0|| zxx d |
| 040 |
|
|
|a SZTE Diploma Repozitórium
|b hun
|
| 041 |
|
|
|a zxx
|
| 100 |
1 |
|
|a Ilosvay Gábor
|
| 245 |
1 |
2 |
|a A talajlakó Isopoda, Diplopoda és Chilopoda fajok napszakos aktivitásának vizsgálata Zsombón
|h [elektronikus dokumentum] /
|c Gábor Ilosvay
|
| 260 |
|
|
|c 1993
|
| 650 |
|
4 |
|a Pedagógusképzés
|
| 700 |
1 |
|
|a Ilosvay György
|e ths
|
| 856 |
4 |
0 |
|u http://diploma.bibl.u-szeged.hu/id/eprint/83038/1/itt_0247_1993_ilosvay_gabor.pdf
|z Dokumentum-elérés
|